Statistics for LaLiga 2018-19 Teams

Click here to take the quiz!

General Stats

  • This quiz has been taken 528 times
    (352 since last reset)
  • The average score is 12 of 20

Answer Stats

Teams% Correct
Real Madrid
99%
Barcelona
98%
Atlético de Madrid
87%
Valencia
83%
Sevilla
80%
Athletic Club
78%
Real Betis
77%
Real Sociedad
66%
Espanyol
55%
Getafe
55%
Celta de Vigo
54%
Levante
50%
Deportivo Alavés
46%
Villarreal
45%
Granada
42%
Mallorca
42%
Osasuna
39%
Eibar
38%
Real Valladolid
38%
Leganés
34%

Score Distribution

Percentile by Number Answered

Percent of People with Each Score

Your Score History

You have not taken this quiz since the last reset